Central Library OPAC University of Rajshahi

Culture, industrialisation and education / (Record no. 47368)

MARC details
000 -LEADER
fixed length control field 00871nam a2200277 a 4500
001 - CONTROL NUMBER
control field 47368
003 - CONTROL NUMBER IDENTIFIER
rucl marc code BD-RjUL
005 - DATE AND TIME OF LATEST TRANSACTION
control field 20211209054313.0
008 - FIXED-LENGTH DATA ELEMENTS--GENERAL INFORMATION
fixed length control field 160808s1968 enk b 000 0 eng
020 ## - INTERNATIONAL STANDARD BOOK NUMBER
International Standard Book Number 0710061323
International Standard Book Number 710061331
035 ## - SYSTEM CONTROL NUMBER
System control number (BD-RjUL)47487
040 ## - CATALOGING SOURCE
Original cataloging agency DLC
Transcribing agency DLC
Modifying agency BD-RjUL
Language of cataloging eng
041 ## - LANGUAGE CODE
Language code of text/sound track or separate title eng
082 00 - DEWEY DECIMAL CLASSIFICATION NUMBER
Classification number 370.193
Edition number 23
Author mark and year BAC 1968
100 1# - MAIN ENTRY--PERSONAL NAME
Personal name Bantock, G. H.
Fuller form of name (Geoffrey Herman),
Dates associated with a name 1914-
9 (RLIN) 144120
245 10 - TITLE STATEMENT
Title Culture, industrialisation and education /
Statement of responsibility, etc. by G. H. Bantock.
260 ## - PUBLICATION, DISTRIBUTION, ETC. (IMPRINT)
Place of publication, distribution, etc. London :
Name of publisher, distributor, etc. Routledge & K. Paul,
Date of publication, distribution, etc. 1968.
300 ## - PHYSICAL DESCRIPTION
Pagination viii, 96 p. ;
Size 19 cm.
490 0# - SERIES STATEMENT
Series statement Students library of education
504 ## - BIBLIOGRAPHY, ETC. NOTE
Bibliography, etc Bibliographical references included in "Notes": p. 91-[96]
650 #0 - SUBJECT ADDED ENTRY--TOPICAL TERM
Topical term or geographic name as entry element Educational sociology.
9 (RLIN) 144121
Topical term or geographic name as entry element Culture.
9 (RLIN) 144122
830 ## - SERIES ADDED ENTRY--UNIFORM TITLE
Uniform title Students library of education
942 ## - ADDED ENTRY ELEMENTS (KOHA)
Source of classification or shelving scheme Dewey Decimal Classification
Koha item type Books
Holdings
Lost status Source of classification or shelving scheme Damaged status Not for loan Collection code Permanent Location Current Location Shelving location Date acquired Source of acquisition Cost, normal purchase price Total Checkouts Full call number Date last seen Copy number Koha item type
  Dewey Decimal Classification     Non-fiction Central Library, University of Rajshahi Central Library, University of Rajshahi   25/02/1975 Oxford university press 12.00   370.193 BAC 1968 08/08/2016 C-2 Books